000 00199 a2200097 4500
020 _a9780545750349
041 _aspa
100 _aJonna Cole
245 _aEl autobus magico vuela del nido
942 _cK
999 _c30527
_d30525